Normal view
MARC view
- شلبي، محمد مصطفى
Entry Personal Name
001 - CONTROL NUMBER
- control field: 56437
003 - CONTROL NUMBER IDENTIFIER
- control field: JO-AjAnu
005 - DATE AND TIME OF LATEST TRANSACTION
- control field: 20230606083241.0
008 - FIXED-LENGTH DATA ELEMENTS
- fixed length control field: 230606|| aca||aabn | a|a d
040 ## - CATALOGING SOURCE
- Original cataloging agency: JO-AjAnu
- Transcribing agency: JO-AjAnu
100 ## - HEADING--PERSONAL NAME
- Personal name: شلبي، محمد مصطفى
670 ## - SOURCE DATA FOUND
- Source citation: Work cat.: (JO-AjAnu)28799: شلبي، محمد مصطفى, author, المدخل في التعريف بالفقه الإسلامي وقواعد الملكية والعقود فيه